Power electronics (Record no. 20006)
[ view plain ]
| 000 -LEADER | |
|---|---|
| fixed length control field | 00576nam a2200229 a 4500 |
| 001 - CONTROL NUMBER | |
| control field | 157667 |
| 003 - CONTROL NUMBER IDENTIFIER | |
| control field | OSt |
| 005 - DATE AND TIME OF LATEST TRANSACTION | |
| control field | 20211231112708.0 |
| 008 - FIXED-LENGTH DATA ELEMENTS--GENERAL INFORMATION | |
| fixed length control field | 200624 ### ENG |
| 020 ## - INTERNATIONAL STANDARD BOOK NUMBER | |
| International Standard Book Number | 9788174092793 |
| 082 ## - DEWEY DECIMAL CLASSIFICATION NUMBER | |
| Classification number | 621.317 |
| Item number | B51P |
| 100 ## - MAIN ENTRY--PERSONAL NAME | |
| Personal name | Bimbhra, P.S. |
| 245 ## - TITLE STATEMENT | |
| Title | Power electronics |
| Statement of responsibility, etc | by P.S. Bimbhra |
| 250 ## - EDITION STATEMENT | |
| Edition statement | 6th ed. |
| 260 ## - PUBLICATION, DISTRIBUTION, ETC. (IMPRINT) | |
| Place of publication, distribution, etc | New Delhi |
| Name of publisher, distributor, etc | Khanna Publishers |
| Date of publication, distribution, etc | 2018 |
| 300 ## - PHYSICAL DESCRIPTION | |
| Extent | 1024p. |
| 653 ## - INDEX TERM--UNCONTROLLED | |
| Uncontrolled term | Power electronics |
| 653 ## - INDEX TERM--UNCONTROLLED | |
| Uncontrolled term | Semiconductors |
| 653 ## - INDEX TERM--UNCONTROLLED | |
| Uncontrolled term | Electric controllers |
| 653 ## - INDEX TERM--UNCONTROLLED | |
| Uncontrolled term | Semiconductor switches |
| 942 ## - ADDED ENTRY ELEMENTS (KOHA) | |
| Source of classification or shelving scheme | Dewey Decimal Classification |
| Koha item type | Books |
| Withdrawn status | Lost status | Damaged status | Not for loan | Collection code | Home library | Current library | Date acquired | Source of acquisition | Total Checkouts | Full call number | Barcode | Date last seen | Date checked out | Price effective from | Koha item type | Source of classification or shelving scheme | Use restrictions |
|---|---|---|---|---|---|---|---|---|---|---|---|---|---|---|---|---|---|
| General Text Book | Central University Of Rajasthan | Central University Of Rajasthan | 24/06/2020 | ECE | 19 | 621.317 B51P | 33928 | 08/06/2026 | 23/04/2026 | 02/09/2020 | Books | ||||||
| Not For Loan | Reserve Text Book | Central University Of Rajasthan | Central University Of Rajasthan | 24/06/2020 | ECE | 621.317 B51P | 33927 | 02/09/2020 | 02/09/2020 | Books | Dewey Decimal Classification | Restricted Access | |||||
| General Text Book | Central University Of Rajasthan | Central University Of Rajasthan | 24/06/2020 | ECE | 13 | 621.317 B51P | 33926 | 10/04/2026 | 27/02/2026 | 02/09/2020 | Books | ||||||
| General Text Book | Central University Of Rajasthan | Central University Of Rajasthan | 24/06/2020 | ECE | 22 | 621.317 B51P | 33925 | 08/06/2026 | 26/05/2026 | 02/09/2020 | Books | ||||||
| General Text Book | Central University Of Rajasthan | Central University Of Rajasthan | 24/06/2020 | ECE | 15 | 621.317 B51P | 33924 | 26/03/2026 | 12/03/2026 | 02/09/2020 | Books | ||||||
| General Text Book | Central University Of Rajasthan | Central University Of Rajasthan | 24/06/2020 | ECE | 18 | 621.317 B51P | 33923 | 04/06/2026 | 20/05/2026 | 02/09/2020 | Books |
